[Event "Bogny sur Meuse (France)"]
[Site "?"]
[Date "2005.07.19"]
[Round "5"]
[White "Bricard Emmanuel"]
[Black "Eliet Nicolas"]
[Result "1-0"]
[WhiteElo "2457"]
[BlackElo "2436"]
[PlyCount "63"]
[EventDate "2005.??.??"]
[Source "www.chesslib.no"]
[SourceDate "2004.05.04"]

1. d4 Nf6 2. c4 e6 3. Nc3 Bb4 4. a3 Bxc3+ 5. bxc3 d6 6. f3 e5 7. e4 c5 8. Bd3 Qa5 9. Bd2 Nc6 10. Ne2 Bd7 11. O-O O-O-O 12. d5 Ne7 13. a4 Ne8 14. Qc2 f6 15. Rfb1 Rf8 16. Ra3 Kc7 17. Nc1 Rb8 18. Nb3 Qa6 19. a5 f5 20. Be3 f4 21. Nxc5 dxc5 22. Bxc5 Kd8 23. Qf2 Ra8 24. Qb2 Bc8 25. Qb4 Rf7 26. Bf1 Qf6 27. Bf2 g5 28. a6 bxa6 29. Qa5+ Kd7 30. c5 Nc7 31. d6 Nb5 32. Rxb5 1-0

[Event "Open"]
[Site "Ascona SUI"]
[Date "2007.12.06"]
[Round "5"]
[White "Foisor, S."]
[Black "Abergel, T."]
[Result "0-1"]
[WhiteElo "2359"]
[BlackElo "2528"]
[PlyCount "118"]
[EventDate "2007.12.03"]
[Source "www.chesslib.no"]
[SourceDate "2004.05.04"]

1. d4 Nf6 2. c4 e6 3. Nc3 Bb4 4. a3 Bxc3+ 5. bxc3 b6 6. f3 d5 7. e3 Ba6 8. cxd5 Bxf1 9. Kxf1 exd5 10. Ne2 O-O 11. Qd3 Re8 12. Nf4 Nc6 13. g4 Qd6 14. g5 Nd7 15. Ra2 Na5 16. Re2 Rad8 17. h4 c5 18. h5 Nb3 19. Bb2 Nf8 20. g6 hxg6 21. Rg2 c4 22. Qe2 Qe7 23. hxg6 Qxe3 24. Qxe3 Rxe3 25. Kf2 Re7 26. gxf7+ Rxf7 27. Rh4 Rd6 28. Rg3 Rf5 29. a4 Rdf6 30. Ke3 Ne6 31. Ng6 Kf7 32. Ne5+ Rxe5+ 33. dxe5 Rf5 34. f4 Nbc5 35. a5 Nd3 36. Ba3 Ndxf4 37. axb6 axb6 38. Bd6 Ng6 39. Rh1 Nxe5 40. Ra1 Kf6 41. Ra7 Rf1 42. Ke2 Rb1 43. Re3 Nf4+ 44. Kd2 Rb2+ 45. Kd1 Ned3 46. Be7+ Kf5 47. Bh4 g5 48. Bg3 d4 49. Bxf4 gxf4 50. Rf7+ Kg6 51. Ree7 dxc3 52. Rg7+ Kf5 53. Ref7+ Ke4 54. Re7+ Kf3 55. Rg3+ Kxg3 56. Re3+ Kg4 57. Rg3+ Kf5 58. Rg5+ Ke4 59. Re5+ Nxe5 0-1

[Event "Corr"]
[Site "?"]
[Date "2002.06.15"]
[Round "?"]
[White "Hristov Ilja (BUL)"]
[Black "Bergmann Michael (GER)"]
[Result "1-0"]
[WhiteElo "2449"]
[BlackElo "2417"]
[PlyCount "113"]
[EventDate "2002.??.??"]
[Source "www.chesslib.no"]
[SourceDate "2004.05.04"]

1. d4 e6 2. c4 Nf6 3. Nc3 Bb4 4. a3 Bxc3+ 5. bxc3 d6 6. e4 c5 7. Bd3 O-O 8. Ne2 e5 9. d5 Nbd7 10. O-O Re8 11. f3 h6 12. Qe1 Nf8 13. Qf2 Ng6 14. g3 Bd7 15. Be3 Rb8 16. h4 Qa5 17. a4 Rf8 18. g4 Rbe8 19. Qg3 Nh7 20. Kf2 b6 21. Ke1 f6 22. Kd2 Qa6 23. Rg1 Rf7 24. Rh1 Rff8 25. g5 h5 26. gxf6 Rxf6 27. Rhg1 Re7 28. Bg5 Nxg5 29. Qxg5 Ref7 30. Qxh5 Nf8 31. Rg5 Re7 32. Ng3 g6 33. Nf5 Rg7 34. Qg4 Nh7 35. h5 Bxf5 36. exf5 Nxg5 37. Qxg5 Rxf5 38. Qd8+ Rf8 39. Qxd6 Qb7 40. hxg6 Qe7 41. Qc6 Qg5+ 42. Kc2 Qf6 43. Qxf6 Rxf6 44. Be4 Rb7 45. Rh1 Re7 46. Kd3 Kg7 47. Rh5 Rd6 48. Bf5 Kf6 49. Ke4 Rd8 50. Be6 Kxg6 51. Rf5 Rh7 52. Kxe5 Rh1 53. Rf6+ Kg7 54. Rf4 Rh5+ 55. Rf5 Rxf5+ 56. Bxf5 Kh8 57. d6 1-0

[Event "Groningen/Amsterdam"]
[Site "Amstredam"]
[Date "1980.??.??"]
[Round "3"]
[White "Van der Sterren, Paul"]
[Black "Ligterink, Gert"]
[Result "0-1"]
[WhiteElo "2410"]
[BlackElo "2455"]
[PlyCount "106"]
[EventDate "1980.??.??"]
[Source "www.chesslib.no"]
[SourceDate "2004.05.04"]

1. d4 Nf6 2. c4 e6 3. Nc3 Bb4 4. a3 Bxc3+ 5. bxc3 d6 6. f3 Nfd7 7. e4 Nc6 8. f4 Qh4+ 9. g3 Qe7 10. Nf3 b6 11. Bd3 Ba6 12. Be3 Na5 13. Qe2 f5 14. e5 O-O 15. O-O c5 16. Nd2 Rac8 17. Rfc1 Kh8 18. h3 Bb7 19. Kh2 cxd4 20. cxd4 d5 21. cxd5 Bxd5 22. g4 fxg4 23. Qxg4 Rxc1 24. Rxc1 Qxa3 25. Rg1 g6 26. Qe2 Nc6 27. h4 Qe7 28. Rg5 Qf7 29. Rg4 Ne7 30. Ne4 Nf5 31. Bf2 Nh6 32. Kg3 Nxg4 33. Qxg4 Qe7 34. Nd6 Nb8 35. Kh3 Nc6 36. Qg3 Qg7 37. Nb5 Ne7 38. Be1 Nf5 39. Qg1 Qh6 40. Qf2 Qh5 41. Be2 Qh6 42. Nc7 Ne7 43. Bd2 g5 44. Bg4 gxf4 45. Bb4 Rc8 46. Bxe7 Rxc7 47. Bf6+ Kg8 48. h5 Rc1 49. Kh4 Rh1+ 50. Bh3 Rxh3+ 51. Kxh3 Qxh5+ 52. Bh4 Qf5+ 53. Kh2 Qg4 0-1

[Event "V Open Internacional"]
[Site "Sants Hostafrancs i La Bordet"]
[Date "2003.??.??"]
[Round "9.2"]
[White "Moskalenko, Viktor"]
[Black "Gonzalez Rodriguez, Jorge A"]
[Result "1-0"]
[WhiteElo "2520"]
[BlackElo "2344"]
[PlyCount "57"]
[EventDate "2003.08.30"]
[Source "Roberto Alvarez"]
[SourceDate "2003.09.08"]

1. d4 e6 2. c4 Nf6 3. Nc3 Bb4 4. a3 Bxc3+ 5. bxc3 d6 6. e3 O-O 7. Bd3 e5 8. Ne2 e4 9. Bc2 Be6 10. Ng3 Bxc4 11. Nxe4 Nbd7 12. Ng3 d5 13. f3 Re8 14. Bd3 Bxd3 15. Qxd3 c5 16. O-O Rc8 17. Rb1 b6 18. Bb2 Qc7 19. e4 dxe4 20. fxe4 cxd4 21. cxd4 Nf8 22. Rxf6 gxf6 23. Nh5 Nd7 24. d5 f5 25. Qf3 Qd6 26. Rf1 Rc2 27. Qb3 Rxb2 28. Qxb2 Qe5 29. Qb5 1-0

[Event "BIH-chT"]
[Site "Bihac"]
[Date "1999.08.21"]
[Round "1"]
[White "Lazovic, Gordan"]
[Black "Kurajica, Bojan"]
[Result "0-1"]
[WhiteElo "2319"]
[BlackElo "2541"]
[PlyCount "57"]
[EventDate "1999.08.21"]
[Source "www.chesslib.no"]
[SourceDate "2004.05.04"]

1. d4 Nf6 2. c4 e6 3. Nc3 Bb4 4. a3 Bxc3+ 5. bxc3 d5 6. f3 c6 7. e3 O-O 8. Bd3 b6 9. cxd5 cxd5 10. Ne2 Bb7 11. O-O Nbd7 12. Ng3 e5 13. e4 exd4 14. cxd4 dxe4 15. fxe4 Nc5 16. dxc5 Qd4+ 17. Kh1 Qxa1 18. Qe2 Qe5 19. Bb2 Qg5 20. Rxf6 gxf6 21. Nh5 Rad8 22. Nxf6+ Kh8 23. Qc2 bxc5 24. Nd7+ f6 25. Nxf8 Rxf8 26. h3 Re8 27. Qb3 Re7 28. a4 Kg7 29. a5 0-1

[Event "Tula-A"]
[Site "Tula"]
[Date "2000.??.??"]
[Round "1"]
[White "Moiseev, Viktor"]
[Black "Bairachny, Ruslan"]
[Result "1/2-1/2"]
[WhiteElo "2410"]
[BlackElo "2442"]
[PlyCount "94"]
[EventDate "2000.12.??"]
[Source "ChessBase"]
[SourceDate "2001.01.11"]

1. d4 Nf6 2. c4 e6 3. Nc3 Bb4 4. a3 Bxc3+ 5. bxc3 c5 6. Qc2 Nc6 7. Nf3 d6 8. e4 O-O 9. dxc5 e5 10. Be3 Qe7 11. cxd6 Qxd6 12. Be2 Bg4 13. O-O Rad8 14. Rfd1 Qe7 15. c5 Rfe8 16. Rxd8 Rxd8 17. Rd1 Rxd1+ 18. Bxd1 Qd8 19. Be2 Qa5 20. Qb3 Qc7 21. Qa4 a6 22. h3 Bh5 23. g4 Bg6 24. Nd2 h6 25. f3 Nd7 26. Nc4 Nf8 27. Nb6 h5 28. Bxa6 bxa6 29. Nd5 Qb7 30. Qxc6 Qb1+ 31. Kf2 Qa2+ 32. Kg3 Qe2 33. Bf2 f6 34. Ne7+ Kf7 35. Nxg6 Nxg6 36. Qd5+ Ke7 37. gxh5 Nf4 38. Qb7+ Kf8 39. c6 Nxh5+ 40. Kg4 Qxf2 41. Qc8+ Kf7 42. Qd7+ Kf8 43. Kxh5 Qxf3+ 44. Qg4 Qe3 45. Qf5 Qg3 46. h4 Kf7 47. Qd7+ Kg8 1/2-1/2

[Event "Montreal Open"]
[Site "Montreal CAN"]
[Date "1995.??.??"]
[Round "2"]
[White "Sagalchik, Gennadij"]
[Black "Taylor, Gordon"]
[Result "1-0"]
[WhiteElo "2530"]
[BlackElo "2320"]
[PlyCount "67"]
[EventDate "1995.??.??"]
[Source "www.chesslib.no"]
[SourceDate "2004.05.04"]

1. d4 Nf6 2. c4 e6 3. Nc3 Bb4 4. a3 Bxc3+ 5. bxc3 c5 6. f3 Nc6 7. e4 d6 8. Be3 b6 9. Bd3 e5 10. Ne2 O-O 11. d5 Ne7 12. O-O Ne8 13. Ng3 f5 14. f4 fxe4 15. Nxe4 Nf5 16. Bd2 Nf6 17. Ng5 exf4 18. Rxf4 h6 19. Ne6 Bxe6 20. dxe6 Ne7 21. Rf3 d5 22. Qe2 Qd6 23. Raf1 Rad8 24. Rxf6 Rxf6 25. Rxf6 dxc4 26. Qh5 Qxd3 27. Qf7+ Kh8 28. Bxh6 Qh7 29. Qxe7 Rd1+ 30. Kf2 Qc2+ 31. Kg3 Rd3+ 32. Kh4 Qxg2 33. Bxg7+ Qxg7 34. Rf8+ 1-0

[Event "Geneve op"]
[Site "Geneve"]
[Date "1995.??.??"]
[Round "1"]
[White "Liardet, Fabrice"]
[Black "Wahls, Matthias"]
[Result "0-1"]
[WhiteElo "2290"]
[BlackElo "2555"]
[PlyCount "62"]
[EventDate "1995.??.??"]
[Source "ChessBase"]

1. d4 Nf6 2. c4 e6 3. Nc3 Bb4 4. a3 Bxc3+ 5. bxc3 c5 6. f3 O-O 7. e4 Nc6 8. Be3 b6 9. dxc5 Ba6 10. cxb6 axb6 11. c5 Bxf1 12. Kxf1 b5 13. Ne2 Ra4 14. Qb3 Qa8 15. Bf4 Qa6 16. Rb1 Na7 17. Ra1 Rc8 18. Kf2 Rxc5 19. Be3 Rc8 20. Rhb1 d5 21. e5 Nd7 22. f4 h6 23. g3 f6 24. Bd4 fxe5 25. fxe5 Nc5 26. Bxc5 Rxc5 27. Nd4 Rac4 28. a4 b4 29. cxb4 Rxd4 30. bxc5 Rd2+ 31. Kg1 Qe2 0-1

[Event "Budapest FS09 GM"]
[Site "Budapest"]
[Date "1994.??.??"]
[Round "6"]
[White "Knuth, Hannes"]
[Black "Lukacs, Peter"]
[Result "0-1"]
[WhiteElo "2350"]
[BlackElo "2490"]
[PlyCount "39"]
[EventDate "1994.09.??"]
[Source "ChessBase"]

1. d4 Nf6 2. c4 e6 3. Nc3 Bb4 4. a3 Bxc3+ 5. bxc3 c5 6. f3 Nc6 7. e4 d6 8. Be3 Qa5 9. dxc5 dxc5 10. Kf2 O-O 11. Qd6 Rd8 12. Qxc5 Qxc3 13. Rc1 Qb2+ 14. Ne2 Ne5 15. Kg3 Nd3 16. Qa5 b6 17. Qc3 Qxc3 18. Rxc3 Ba6 19. Nd4 Nc5 20. Be2 0-1

[Event "ch-UKR Boys u20"]
[Site "Odessa UKR"]
[Date "2008.03.05"]
[Round "1"]
[White "Ipatov, A."]
[Black "Kravtsiv, M."]
[Result "0-1"]
[WhiteElo "2323"]
[BlackElo "2516"]
[PlyCount "68"]
[EventDate "2008.03.05"]
[Source "www.chesslib.no"]
[SourceDate "2004.05.04"]

1. d4 Nf6 2. c4 e6 3. Nc3 Bb4 4. a3 Bxc3+ 5. bxc3 Ne4 6. e3 O-O 7. Bd3 f5 8. Ne2 b6 9. f3 Nd6 10. a4 Ba6 11. Ba3 Rf7 12. Bxd6 cxd6 13. a5 Nc6 14. axb6 axb6 15. Nc1 Na5 16. Nb3 Nxb3 17. Qxb3 Bxc4 18. Rxa8 Qxa8 19. Qxc4 Qa1+ 20. Kf2 Qxh1 21. Qc8+ Rf8 22. Qxd7 f4 23. Qxe6+ Kh8 24. Qxd6 fxe3+ 25. Kg3 Rg8 26. Qe5 Qe1+ 27. Kh3 Qxc3 28. Qe4 Qc8+ 29. g4 g6 30. Qe5+ Rg7 31. Qxe3 Qc7 32. Qe8+ Rg8 33. Qe6 Kg7 34. Be4 Rd8 0-1

[Event "White Nights, St Petersburg RUS"]
[Site "?"]
[Date "2001.??.??"]
[Round "9"]
[White "Inarkiev, E."]
[Black "Sidorov, A."]
[Result "0-1"]
[WhiteElo "2465"]
[BlackElo "2370"]
[PlyCount "108"]
[EventDate "2001.??.??"]
[Source "www.chesslib.no"]
[SourceDate "2004.05.04"]

1. d4 Nf6 2. c4 e6 3. Nc3 Bb4 4. a3 Bxc3+ 5. bxc3 b6 6. f3 Nc6 7. e4 d6 8. Bd3 Na5 9. Bg5 Qd7 10. a4 Ba6 11. Qe2 h6 12. Be3 e5 13. Nh3 Qc6 14. d5 Qd7 15. O-O c6 16. f4 Ng4 17. Nf2 Nxe3 18. Qxe3 Bxc4 19. fxe5 dxe5 20. Qg3 O-O-O 21. Qxg7 cxd5 22. Rad1 Qc7 23. exd5 Rhg8 24. Qxh6 Bxd5 25. Be4 Qc5 26. Kh1 Bb3 27. Nd3 Qe7 28. Rde1 Bc4 29. Qe3 f6 30. Rf3 Kc7 31. Nb4 Rd6 32. Rh3 Nb3 33. Rh7 Rg7 34. Rh8 Rg8 35. Na6+ Kd8 36. Rh7 Rg7 37. Rh8+ Rg8 38. Rxg8+ Bxg8 39. Bc2 Na5 40. Nb4 Kc7 41. Be4 Qd7 42. Bf3 Qh7 43. Ba8 Bc4 44. g3 Nb7 45. Bxb7 Kxb7 46. a5 bxa5 47. Ra1 a6 48. Qc5 Qe4+ 49. Kg1 Rd7 50. Nc2 Bb5 51. Rb1 Qxc2 52. Rxb5+ axb5 53. Qxb5+ Kc8 54. Qc4+ Kb8 0-1

[Event "Novi Sad ol (Men)"]
[Site "Novi Sad YUG"]
[Date "1990.??.??"]
[Round "5"]
[White "Santos, Carlos P"]
[Black "Horvath, Csaba"]
[Result "1-0"]
[WhiteElo "2355"]
[BlackElo "2480"]
[PlyCount "63"]
[EventDate "1990.11.??"]
[Source "www.chesslib.no"]
[SourceDate "2004.05.04"]

1. d4 Nf6 2. c4 e6 3. Nc3 Bb4 4. a3 Bxc3+ 5. bxc3 b6 6. f3 Ba6 7. e4 Nc6 8. e5 Ng8 9. Nh3 Na5 10. Bg5 f6 11. Bh4 Qe7 12. f4 O-O-O 13. c5 Bxf1 14. Rxf1 d6 15. cxd6 cxd6 16. Qe2 d5 17. f5 Qc7 18. Qa6+ Kb8 19. Qd3 exf5 20. exf6 Re8+ 21. Kd1 f4 22. Rxf4 Nh6 23. Bg3 Ka8 24. Qf3 Qc4 25. fxg7 Qa4+ 26. Kc1 Nb3+ 27. Kb2 Qb5 28. c4 Qxc4 29. gxh8=Q Nxd4 30. Qxe8+ Kb7 31. Qxd5+ Qxd5 32. Qe4 1-0

[Event "New York op"]
[Site "New York"]
[Date "1997.??.??"]
[Round "1"]
[White "Xanthos, Constantin"]
[Black "Morovic Fernandez, Ivan"]
[Result "0-1"]
[WhiteElo "2255"]
[BlackElo "2580"]
[PlyCount "70"]
[EventDate "1997.04.02"]
[Source "www.chesslib.no"]
[SourceDate "2004.05.04"]

1. d4 Nf6 2. c4 e6 3. Nc3 Bb4 4. f3 d5 5. a3 Bxc3+ 6. bxc3 c5 7. dxc5 Qa5 8. cxd5 Nxd5 9. e4 Ne7 10. Qb3 O-O 11. Be3 Nbc6 12. Bb5 Qc7 13. Ne2 e5 14. Bxc6 Nxc6 15. Rb1 Na5 16. Qb4 Be6 17. Kf2 Rab8 18. Rhd1 Nc4 19. Bc1 b5 20. c6 Qb6+ 21. Kg3 a5 22. Qe7 Rfe8 23. Qg5 Qxc6 24. h4 f6 25. Qh5 Rbd8 26. Rxd8 Rxd8 27. Kh2 Qc5 28. f4 Qf2 29. f5 Bf7 30. Qg4 h5 31. Qf3 Qxh4+ 32. Qh3 Qxe4 33. Rxb5 Qxe2 34. Rb7 Rd3 35. Qh4 Bd5 0-1